[Event "DEN-ch sf1"]
[Site "Svendborg"]
[Date "2024.03.29"]
[Round "6"]
[White "Nielsen, Philip"]
[Black "Gregor, Bjarke"]
[Result "1-0"]
[WhiteElo "2021"]
[BlackElo "2127"]
[PlyCount "101"]
[EventDate "2024.03.29"]
[EventType "swiss"]
[EventRounds "7"]
[EventCountry "DEN"]
[SourceTitle "CB16_2024"]
[SourceDate "2024.04.17"]
[SourceVersion "1"]
[SourceVersionDate "2024.04.17"]
[SourceQuality "1"]

1. d4 d5 2. Bf4 e6 3. e3 Bd6 4. Bg3 Nf6 5. Nd2 0-0 6. Ngf3 c5 7. c3 Qc7 8. Ne5 Nc6 9. f4 Ne7 10. Bf2 b6 11. Bd3 Bb7 12. Qf3 a5 13. a4 Ba6 14. Bc2 b5 15. axb5 Bxb5 16. Bh4 Ne8 17. Qh3 g6 18. Bg5 Bxe5 19. fxe5 cxd4 20. exd4 Nf5 21. Nf3 Qc4 22. Bd1 f6 23. exf6 Nxf6 24. Ne5 Qc7 25. Bxf6 Rxf6 26. g4 Ng7 27. Be2 Bxe2 28. Kxe2 Raf8 29. Rhf1 Qb8 30. Nd3 Rxf1 31. Rxf1 Rxf1 32. Kxf1 Qb5 33. Ke2 Ne8 34. g5 Ng7 35. Qg3 Nf5 36. Qc7 Qa6 37. Qd8+ Kg7 38. Qf6+ Kg8 39. Kd2 Qb6 40. Kc1 Ng7 41. Qe7 Qb5 42. Kc2 a4 43. Qc5 Qb8 44. Ne5 Nf5 45. Qc6 Ng7 46. Qxa4 Qf8 47. Kb1 Nh5 48. Ka2 Nf4 49. Nd7 Qe7 50. Nf6+ Kg7 51. Qa8 1-0

[Event "DEN-ch sf1"]
[Site "Svendborg"]
[Date "2024.03.29"]
[Round "2"]
[White "Nielsen, Philip"]
[Black "Wahlgreen, Noah Krug"]
[Result "1/2-1/2"]
[WhiteElo "2021"]
[BlackElo "2051"]
[PlyCount "30"]
[EventDate "2024.03.29"]
[EventType "swiss"]
[EventRounds "7"]
[EventCountry "DEN"]
[SourceTitle "CB16_2024"]
[SourceDate "2024.04.17"]
[SourceVersion "1"]
[SourceVersionDate "2024.04.17"]
[SourceQuality "1"]

1. d4 d5 2. Bf4 c5 3. e3 Nf6 4. c3 Nc6 5. Nd2 Bg4 6. Qb3 cxd4 7. exd4 Qc8 8. h3 Bh5 9. Ngf3 e6 10. Be2 Be7 11. 0-0 0-0 12. Rfe1 Bg6 13. Ne5 Nxe5 14. Bxe5 Ne4 15. Nxe4 Bxe4 1/2-1/2

[Event "DEN-ch cand"]
[Site "Svendborg"]
[Date "2022.04.12"]
[Round "1"]
[White "Stojanovski, Sandi"]
[Black "Nielsen, Philip"]
[Result "0-1"]
[WhiteElo "2232"]
[BlackElo "1899"]
[PlyCount "36"]
[EventDate "2022.04.10"]
[EventType "swiss"]
[EventRounds "7"]
[EventCountry "DEN"]
[SourceTitle "CBM 207 Extra"]
[Source "ChessBase"]
[SourceDate "2022.05.31"]
[SourceVersion "1"]
[SourceVersionDate "2022.05.31"]
[SourceQuality "1"]

1. Nf3 d5 2. e3 Bf5 3. c4 e6 4. cxd5 exd5 5. Qb3 Bc8 6. e4 c6 7. Nc3 Nf6 8. exd5 cxd5 9. Bb5+ Nc6 10. 0-0 a6 11. Qa4 Bd7 12. Bxc6 Bxc6 13. Qd4 Be7 14. Ne5 0-0 15. b3 Nd7 16. Nxc6 bxc6 17. Qa4 Qc7 18. d4 a5 0-1

[Event "DEN-ch U16 rapid"]
[Site "Odense"]
[Date "2020.11.20"]
[Round "5"]
[White "Nielsen Refs, Ingrid Elmer"]
[Black "Nielsen, Philip"]
[Result "1-0"]
[WhiteElo "1521"]
[BlackElo "1868"]
[PlyCount "125"]
[EventDate "2020.11.20"]
[EventType "tourn"]
[EventRounds "5"]
[EventCountry "DEN"]
[SourceTitle "EXT 2024"]
[Source "ChessBase"]
[SourceDate "2023.10.10"]
[SourceVersion "1"]
[SourceVersionDate "2023.10.10"]
[SourceQuality "1"]

1. d4 d5 2. c4 c6 3. e3 Nf6 4. Nc3 Bf5 5. Nf3 e6 6. a3 Nbd7 7. b4 Bd6 8. Bb2 Qe7 9. Be2 Rd8 10. 0-0 Ne4 11. Rc1 h5 12. c5 Bc7 13. b5 h4 14. Qa4 cxb5 15. Nxb5 Bb8 16. Nxa7 Kf8 17. c6 Nb6 18. Qa5 Bc7 19. cxb7 Nc4 20. Qb5 Ncd2 21. Nxd2 Nxd2 22. Rfd1 Ne4 23. Nc6 Qd6 24. Qb4 Re8 25. Qxd6+ Nxd6 26. Ne5 Bb8 27. Ba6 Ke7 28. a4 f6 29. Nc6+ Kd7 30. Ba3 Nc4 31. Nxb8+ Rxb8 32. Bxc4 dxc4 33. Rxc4 Rxb7 34. h3 Ra8 35. Bc5 Rb2 36. Ra1 Rab8 37. a5 Rd2 38. Rb4 Rc8 39. a6 e5 40. a7 Ra8 41. Rb8 Be4 42. Rxa8 Bxa8 43. Rb1 Ra2 44. Rb8 Bd5 45. Rh8 exd4 46. Bxd4 Ke6 47. Rxh4 Kf7 48. Rh8 Ra4 49. Rd8 Bc6 50. Rc8 Bd5 51. f3 Kg6 52. Rc1 Ra2 53. Ra1 Rxa1+ 54. Bxa1 Kf7 55. Kf1 Kg6 56. Kf2 Kg5 57. g3 Kh5 58. e4 Bc6 59. Ke3 Kg6 60. e5 f5 61. e6 Bb7 62. e7 Kf7 63. Bxg7 1-0

[Event "NED-ch U14 op"]
[Site "Borne"]
[Date "2019.08.09"]
[Round "7"]
[White "Boeren, Jurriaan"]
[Black "Nielsen, Philip"]
[Result "0-1"]
[WhiteElo "1522"]
[BlackElo "1797"]
[PlyCount "82"]
[EventDate "2019.08.05"]
[EventType "swiss"]
[EventRounds "9"]
[EventCountry "NED"]
[SourceTitle "EXT 2020"]
[Source "ChessBase"]
[SourceDate "2019.10.17"]
[SourceVersion "1"]
[SourceVersionDate "2019.10.17"]
[SourceQuality "1"]

1. e4 d6 2. Nf3 Nf6 3. d3 g6 4. c3 Bg7 5. Be3 0-0 6. Nbd2 Nbd7 7. Be2 b6 8. Nf1 Bb7 9. Qd2 e5 10. Bh6 d5 11. exd5 Bxd5 12. Bxg7 Kxg7 13. h4 e4 14. dxe4 Bxe4 15. h5 Nc5 16. h6+ Kg8 17. Qxd8 Raxd8 18. Ng3 Bxf3 19. gxf3 Rfe8 20. 0-0 Rd2 21. Rab1 Rexe2 22. Nxe2 Rxe2 23. Rbd1 Ne6 24. Rb1 Re5 25. Rfe1 Rh5 26. Rbd1 Rxh6 27. Kg2 Rh5 28. Re3 Nd5 29. Re4 Ndf4+ 30. Kg1 Nh3+ 31. Kf1 Rg5 32. Ke2 Rf5 33. Re3 Nef4+ 34. Kf1 Rg5 35. Ke1 Ng2+ 36. Ke2 Nxe3 37. fxe3 Rg2+ 38. Ke1 Rxb2 39. Ra1 Rh2 40. Rd1 Rxa2 41. Rc1 Ng5 0-1